000 00588nam a2200169 i 4500
001 163239
003 ES-MaACL
005 20250902113854.0
008 160627s1877 sp | |||||||| ||spa d
245 0 0 _aLista de arquitectos publicada por la Sociedad Central... 1877.
260 _aMadrid :
_b[s.n.],
_c1877 (
_fImp. Aribau)
300 _a26 p. ;
_c21 cm.
650 4 _aArquitectos-
_zMadrid-
_vDirectorios.
_9155957
710 2 _aSociedad Central de Arquitectos
_9134871
852 _aES-MaACL
_jT-272-F-3
_z.- Enc. en un vol facticio falto de la cub. original
999 _c163239
_d163239